STATE OF THE WORLD 1987: A WORLDWATCH INSTITUTE REPORT ON PROGRESS TOWARD A SUSTAINABLE SOCIETY (Record no. 160412)
[ view plain ]
| 000 -LEADER | |
|---|---|
| fixed length control field | 00635nam a2200193Ia 4500 |
| 003 - CONTROL NUMBER IDENTIFIER | |
| control field | OSt |
| 005 - DATE AND TIME OF LATEST TRANSACTION | |
| control field | 20250901100108.0 |
| 020 ## - INTERNATIONAL STANDARD BOOK NUMBER | |
| International Standard Book Number | 0-87692-489-5 |
| 040 ## - CATALOGING SOURCE | |
| Transcribing agency | LC |
| 050 ## - LIBRARY OF CONGRESS CALL NUMBER | |
| Classification number | HC 59 .S 734 1987 |
| Item number | 1 |
| 100 ## - MAIN ENTRY--PERSONAL NAME | |
| Personal name | EDITOR LINDA STARKE |
| 245 #0 - TITLE STATEMENT | |
| Title | STATE OF THE WORLD 1987: A WORLDWATCH INSTITUTE REPORT ON PROGRESS TOWARD A SUSTAINABLE SOCIETY |
| 260 ## - PUBLICATION, DISTRIBUTION, ETC. | |
| Place of publication, distribution, etc. | NEW DELHI, |
| Name of publisher, distributor, etc. | PRENTICE HALL OF INDIA PRIVATE LIMITED, |
| Date of publication, distribution, etc. | 1987, |
| 300 ## - PHYSICAL DESCRIPTION | |
| Extent | XVii, 268 P, ILL |
| 500 ## - GENERAL NOTE | |
| General note | INCLUDES BIBLIOGRAPHICAL REFERENCES AND INDEX |
| 650 ## - SUBJECT ADDED ENTRY--TOPICAL TERM | |
| Topical term or geographic name entry element | Economic history-1971-1990-Periodicals |
| 700 ## - ADDED ENTRY--PERSONAL NAME | |
| Personal name | BROWN LESTER R, WOLF EDWARD C |
| 942 ## - ADDED ENTRY ELEMENTS (KOHA) | |
| Koha item type | Long Loan Book |
| Source of classification or shelving scheme | Library of Congress Classification |
| Suppress in OPAC | No |
| Withdrawn status | Lost status | Source of classification or shelving scheme | Damaged status | Not for loan | Collection | Home library | Current library | Shelving location | Date acquired | Inventory number | Total checkouts | Full call number | Date last seen | Price effective from | Koha item type | Barcode | Copy number |
|---|---|---|---|---|---|---|---|---|---|---|---|---|---|---|---|---|---|
| Library of Congress Classification | Arts & Social Sciences | Kisii University Library | Kisii University Library | On Display | 09/15/2023 | 00272/88 | HX 542 .S 73 1987 | 09/15/2023 | 09/15/2023 | Long Loan Book | |||||||
| Library of Congress Classification | Arts & Social Sciences | Kisii University Library | Kisii University Library | On Display | 09/15/2023 | 00572/88 | HX 542 .S 73 1987 | 09/15/2023 | 09/15/2023 | Long Loan Book | 029972 | 1 |